| 000 | 00832nam a22002777a 4500 | ||
|---|---|---|---|
| 005 | 20260322212052.0 | ||
| 008 | data | ||
| 010 | _a 95068999 | ||
| 020 | _a1878542788 | ||
| 020 | _a9781878542786 | ||
| 040 |
_aDLC _cDLC |
||
| 050 | 0 | 0 | _aMLCS 96/10450 (B) |
| 092 | _a153.35 G76 1995 | ||
| 100 | 1 | _aGrout, Pam. | |
| 245 | 1 | 0 |
_aNew & improved : _b25 ways to be more creative and more effective / _cPam Grout. |
| 246 | 3 | _aNew and improved | |
| 260 |
_aMission, Kan. : _bSkillPath Publications, _cc1995. |
||
| 300 |
_a91 p. : _bill. _c22 cm. |
||
| 504 | _aIncludes bibliographical references (p. 89-91). | ||
| 650 | 0 | _aCreative ability. | |
| 906 |
_a7 _bcbc _corignew _d4 _eopcn _f19 _gy-gencatlg |
||
| 922 | _aad | ||
| 991 |
_bc-GenColl _hMLCS 96/10450 (B) _tCopy 1 _wBOOKS |
||
| 001 | data | ||
| 999 |
_c1232 _d1232 |
||